| 000 | 00361nam a22001217a 4500 | ||
|---|---|---|---|
| 999 |
_c94 _d94 |
||
| 005 | 20200811151606.0 | ||
| 008 | 200807b ||||| |||| 00| 0 eng d | ||
| 020 | _a0713115787 | ||
| 040 | _cCML | ||
| 245 |
_aFocus on Christianity 3: four Working For Humanity. _cBirnie, L.H |
||
| 260 |
_aLondon _bEdward Arnold _c1975 |
||
| 942 |
_2ddc _cBK _e1 _h261 _mBIR |
||